Obfuscations of Sabrina Carpenter Songs #1 - Statistics

General Stats
  • This quiz has been taken 37 times
  • The average score is 7 of 15
Answer Stats
Obfuscation Song Title % Correct
Salty fluid which emerges from the lacrimal glands Tears
86%
A gibberish holiday celebrating the birth of the figure most central to Christianity A Nonsense Christmas
62%
Myself and the person I speak to came close to terminating our relationship yesternight We Almost Broke Up Again Last Night
62%
At what time did the person I am speaking to become alluring? When Did You Get Hot?
62%
Gaping ocular organs Eyes Wide Open
52%
Communicate with women in a way which is prevaricative Lie to Girls
52%
Understand the thoughts which exist in your mind without any direct communication Read Your Mind
52%
Located at my fixture meant for slumbering In My Bed
48%
The implement which is most honed Sharpest Tool
48%
The eternal nature of a particular type of precious stone Diamonds Are Forever
38%
What is the number of objects How Many Things
38%
The male child which is not possessed by any human entity Nobody's Son
38%
The only thing which we possess is our endearment All We Have Is Love
24%
The ability is not existent to cause it to become more rigid Couldn't Make It Any Harder
24%
I am unable to terminate myself I Can't Stop Me
19%
No matching quizzes found
Score Distribution
Percent of People with Each Score
Percentile by Number Answered
Your Score History
You have not taken this quiz